Actividades musicales para niños en edad preescolar /
Guardado en:
| Autor Principal: | |
|---|---|
| Formato: | Libro |
| Publicado: |
Argentina :
Kapelusz,
1978
|
| Series: | Cuaderno pedag¢gico, 46
|
| Materias: | |
| Etiquetas: |
Agregar Etiqueta
Sin Etiquetas, Sea el primero en etiquetar este registro!
|
| LEADER | 00601nam a22002055a 4500 | ||
|---|---|---|---|
| 001 | CEM.cems003114 | ||
| 005 | 19000101000000.0 | ||
| 008 | 130507s1978##################000#0#####d | ||
| 003 | CEMS | ||
| 082 | 0 | 4 | |a 372.21 |
| 100 | 1 | |a Género, María G. | |
| 245 | 1 | 0 | |a Actividades musicales para niños en edad preescolar / |c María G. Género |
| 260 | |a Argentina : |b Kapelusz, |c 1978 | ||
| 300 | |a 92 p. | ||
| 490 | 0 | |a Cuaderno pedag¢gico, 46 | |
| 653 | |a Educacion | ||
| 653 | |a Educacion musical | ||
| 653 | |a Jardin de infantes | ||
| 653 | |a Ritmo | ||
| 859 | |a CEMS |b BIB. CEMS - 11 de abril |h 372.21 |i G286 |p 8019.80 |t Ej.1 | ||
